La protección del comprador: régimen de la Convención de Viena y su contraste con el Código Civil
Guardat en:
| Autor principal: | |
|---|---|
| Format: | Llibre |
| Idioma: | espanyol |
| Publicat: |
Valparaíso, Chile.
Universitarias de Valparaíso,
2006
|
| Col·lecció: | Derecho
|
| Matèries: | |
| Etiquetes: |
Afegir etiqueta
Sense etiquetes, Sigues el primer a etiquetar aquest registre!
|
MARC
| LEADER | 00000nam a2200000 a 4500 | ||
|---|---|---|---|
| 001 | UCI1449 | ||
| 003 | CL-VaPUC | ||
| 005 | 20220830074200.0 | ||
| 008 | 070629e20060000CL |||||||||||||||||spa|d | ||
| 999 | |c 326269 |d 326267 | ||
| 020 | |a 9789561703971 | ||
| 040 | |c Pontificia Universidad Católica de Valparaíso | ||
| 082 | 0 | 4 | |a 341.754 VID 2006 |2 21 |
| 100 | 0 | |a Vidal Olivares, Alvaro |e autor |9 521982 | |
| 245 | 1 | 3 | |a La protección del comprador: régimen de la Convención de Viena y su contraste con el Código Civil |
| 260 | 0 | 3 | |a Valparaíso, Chile. |b Universitarias de Valparaíso, |c 2006 |
| 300 | |a 242 páginas | ||
| 490 | 0 | |a Derecho | |
| 500 | |a C.10 Donación Sra. María Graciela Brantt - Decana. Memo 008/DER 23-11-2021 | ||
| 583 | |a last modification |c 20150415 09:27:39 |k Rodrigo Vera | ||
| 650 | 0 | |a Compraventa internacional |2 CL-VaPUC |9 359625 | |
| 650 | 0 | |a Derecho comercial |9 256340 | |
| 650 | 0 | |a Contrato |9 336601 | |
| 650 | 0 | |a Compraventa mercantil |2 CL-VaPUC |9 359626 | |
| 650 | 0 | |a Derecho español |9 255291 | |
| 650 | 0 | |a Oferta |2 CL-VaPUC |9 357541 | |
| 650 | 0 | |a Obligaciones |9 255578 | |
| 650 | 0 | |a Convención de Viena |2 CL-VaPUC |9 329188 | |
| 650 | 0 | |a Archivo histórico PUCV |9 255554 | |
| 650 | 0 | |a Académicos |x Pontificia Universidad Católica de Valparaíso (PUCV) |9 255553 | |
| 942 | |c BK |2 ddc | ||
| 945 | |d 20070629 00:00:00 |a jtorresc | ||
| 952 | |0 0 |1 0 |2 ddc |4 0 |6 341_754000000000000_VID_2006 |7 1 |8 C_LRYV |9 408081 |a BIBDER |b BIBDER |d 2019-11-22 |i 4345657 |o 341.754 VID 2006 |p 4345657 |r 2023-01-25 |t 1 |w 2019-11-22 |y BK_X |k BRV | ||
| 952 | |0 0 |1 0 |2 ddc |4 0 |6 341_754000000000000_VID_2006 |7 0 |8 A |9 408082 |a BIBDER |b BIBDER |d 2019-11-22 |i 4392957 |l 2 |o 341.754 VID 2006 |p 4392957 |r 2024-09-04 |s 2024-09-04 |t 2 |w 2019-11-22 |y BK |k DER | ||
| 952 | |0 0 |1 0 |2 ddc |4 0 |6 341_754000000000000_VID_2006 |7 0 |8 X |9 408089 |a FDOBUD |b FDOBUD |d 2019-11-22 |i 454689K |o 341.754 VID 2006 |p 454689K |r 2019-11-22 |t 9 |w 2019-11-22 |y BK_X |k FHP | ||
| 952 | |0 0 |1 0 |2 ddc |4 0 |6 341_754000000000000_VID_2006 |7 0 |8 A |9 579468 |a BIBDER |b BIBDER |d 2021-12-06 |e Donación |i 5628059 |o 341.754 VID 2006 |p 5628059 |r 2023-01-25 |t 10 |w 2021-12-06 |y BK |k DER | ||